Филологические науки: взгляд молодого ученого (Запись № 12219928)

Подробности
000 -МАРКЕР
контрольное поле 03095nam0a2200421 4500
001 - ИДЕНТИФИКАТОР ЗАПИСИ
контрольное поле RU\NLR\BIBL_A\011545993
005 - ИДЕНТИФИКАТОР ВЕРСИИ
контрольное поле 20260408064105.0
010 ## - МЕЖДУНАРОДНЫЙ СТАНДАРТНЫЙ НОМЕР КНИГИ (ISBN)
Номер (ISBN) 978-5-86111-587-2
Тираж 300
021 ## - НОМЕР ГОСУДАРСТВЕННОЙ РЕГИСТРАЦИИ
Код страны российская федерация
Номер 2017-86188
Номер Листа государственной регистраци 6158
035 ## - ДРУГИЕ СИСТЕМНЫЕ НОМЕРА
Идентификатор записи (RuMoRGB)009450187
035 ## - ДРУГИЕ СИСТЕМНЫЕ НОМЕРА
Идентификатор записи (NLR Aleph) 011545993
100 ## - ДАННЫЕ ОБЩЕЙ ОБРАБОТКИ
Данные общей обработки 20171204d2017 |||y0rusy50 ca
101 0# - ЯЗЫК РЕСУРСА
Язык текста, звукозаписи и т.д. русский
-- башкирский
-- казахский
102 ## - СТРАНА ПУБЛИКАЦИИ ИЛИ ПРОИЗВОДСТВА
Страна публикации российская федерация
105 ## - ПОЛЕ КОДИРОВАННЫХ ДАННЫХ: ТЕКСТОВЫЕ МАТЕРИАЛЫ, МОНОГРАФИЧЕСКИЕ
Кодированные данные о монографическом текстовом документе a|||zzzz100zd
200 1# - ЗАГЛАВИЕ И СВЕДЕНИЯ ОБ ОТВЕТСТВЕННОСТИ
Основное заглавие Филологические науки: взгляд молодого ученого
Сведения, относящиеся к заглавию сборник материалов Международной научно-практической конференции, посвященной Году экологии в РФ и Году экологии и особо охраняемых природных территорий в РБ, 85-летию со дня рождения народного поэта Башкортостана Рами Гарипова, г. Стерлитамак, 28 апреля 2017 года
Первые сведения об ответственности Министерство образования и науки Российской Федерации, Стерлитамакский филиал Федерального государственного бюджетного образовательного учреждения высшего образования "Башкирский государственный университет"
Последующие сведения об ответственности [ответственный редактор - кандидат филологических наук, доцент А. Ф. Утяев]
210 ## - ПУБЛИКАЦИЯ, РАСПРОСТРАНЕНИЕ И ДР.
Место издания, распространения и т.д. Стерлитамак
Имя издателя, распространителя и т. д. Стерлитамакский филиал БашГУ
Дата издания, распространения и т.д. 2017
215 ## - ФИЗИЧЕСКАЯ ХАРАКТЕРИСТИКА
Специфическое обозначение материала и объем 423 с.
Другие сведения о физической характеристике табл.
Размеры 20
300 ## - ОБЩИЕ ПРИМЕЧАНИЯ
Текст примечания Текст баш., каз., рус.
320 ## - ПРИМЕЧАНИЯ О НАЛИЧИИ В ДОКУМЕНТЕ БИБЛИОГРАФИИ / УКАЗАТЕЛЯ
Текст примечания Библиогр. в конце ст.
600 #1 - ИМЯ ЛИЦА КАК ПРЕДМЕТ
Начальный элемент ввода Гарипов
Часть имени, кроме начального элемента ввода Р.Я.
Даты 1932 - 1977
Расширение инициалов личного имени Рами Ягафарович
Формальный подзаголовок Съезды, совещания и т.п.
Системный номер авторитетной/нормативной записи 2570261
Идентификатор авторитетной/нормативной записи RU\NLR\AUTH\661519959
606 1# - НАИМЕНОВАНИЕ ТЕМЫ КАК ПРЕДМЕТ
Наименование темы Филология
Формальный подзаголовок Съезды, совещания и т.п.
Системный номер авторитетной/нормативной записи 921663
Идентификатор авторитетной/нормативной записи RU\NLR\AUTH\6619068
686 ## - ИНДЕКСЫ ДРУГИХ КЛАССИФИКАЦИЙ
Индекс Ш.я431(0)
Код системы
686 1# - ИНДЕКСЫ ДРУГИХ КЛАССИФИКАЦИЙ
Индекс Ш.я434
686 1# - ИНДЕКСЫ ДРУГИХ КЛАССИФИКАЦИЙ
Индекс Ш5(2=Баш)7-4Гарипов.я434
702 #1 - ИМЯ ЛИЦА - ВТОРИЧНАЯ ОТВЕТСТВЕННОСТЬ
Начальный элемент ввода Гарипов
Часть имени, кроме начального элемента ввода Р.
Даты 1932-1977
Расширение инициалов личного имени Рами
Код отношения Прочие
702 #1 - ИМЯ ЛИЦА - ВТОРИЧНАЯ ОТВЕТСТВЕННОСТЬ
Начальный элемент ввода Утяев
Часть имени, кроме начального элемента ввода А. Ф.
Даты 1985-
Расширение инициалов личного имени Айнур Фанисович
Код отношения Редактор
711 12 - НАИМЕНОВАНИЕ ОРГАНИЗАЦИИ - АЛЬТЕРНАТИВНАЯ ОТВЕТСТВЕННОСТЬ
Начальный элемент ввода "Филологические науки: взгляд молодого ученого", международная научно-практическая конференция
Место проведения временной организации Стерлитамак
Дата проведения временной организации 2017
Системный номер авторитетной/нормативной записи 582205
Идентификатор авторитетной/нормативной записи RU\NLR\AUTH\880459714
712 02 - НАИМЕНОВАНИЕ ОРГАНИЗАЦИИ - ВТОРИЧНАЯ ОТВЕТСТВЕННОСТЬ
Код отношения Организатор конференции
Начальный элемент ввода Башкирский государственный университет
Идентифицирующий признак Уфа
Структурное подразделение Стерлитамакский филиал
Идентификатор авторитетной/нормативной записи RU\NLR\AUTH\8810039510
Системный номер авторитетной/нормативной записи 577956
852 ## - МЕСТОНАХОЖДЕНИЕ И ШИФР ХРАНЕНИЯ
Идентификатор организации NLR
Наименование фонда или коллекции (Sub-Location Identifier) ОНЛ
Шифр хранения (Call Number) Башк./3-5652
942 ## - ДОПОЛНИТЕЛЬНЫЕ ЭЛЕМЕНТЫ ЗАПИСИ (АБИС)
Тип экземпляра АБИС Книга
980 ## - КОЛЛЕКЦИЯ
Название коллекции НБР
980 ## - КОЛЛЕКЦИЯ
Название коллекции Национальная библиография
Экземпляры
Тип экземпляра Дата поступления Источник поступления Стоимость Библиотека постоянного хранения Библиотека текущего хранения Место хранения Штрих-код Статус не для выдачи Шифр хранения
Книга 04.12.2017 Обязательный экземпляр 40.00 РНБ (Московский) РНБ (Московский) Обменный фонд 1-2078133    
Книга 04.12.2017 Обязательный экземпляр   РНБ (Московский) РНБ (Московский) Фонд национальных литератур 1-2078134   ОНЛ Башк./3-5652